00306nam a2200109 a 450000500170000000800410001702000180005805000180007610000190009424500420011326000410015520140412111409.0070817s19uu xx 00 eng d a0-448-41258-6 aERbGe39 1996 adePaola, Tomie aGet dressed, Santa! /cTomie dePaola. aCanada :bGrosset and Dunlap,c1996.